[Event "GRE-chT U16"]
[Site "Thessaloniki"]
[Date "2021.12.18"]
[Round "4.1"]
[White "Koutsoukis, Evangelos Panagioti"]
[Black "Sdravopoulos, Periklis"]
[Result "0-1"]
[WhiteElo "1122"]
[BlackElo "1480"]
[PlyCount "74"]
[EventDate "2021.12.16"]
[EventType "team-swiss"]
[EventRounds "6"]
[EventCountry "GRE"]
[SourceTitle "CBM 205 Extra"]
[Source "ChessBase"]
[SourceDate "2022.01.31"]
[SourceVersion "1"]
[SourceVersionDate "2022.01.31"]
[SourceQuality "1"]
[WhiteTeam "Asteres"]
[BlackTeam "Larisas"]
[WhiteTeamCountry "GRE"]
[BlackTeamCountry "GRE"]

1. d4 Nf6 2. c4 e6 3. Nc3 Bb4 4. Bg5 c5 5. e3 Qa5 6. Qc2 Ne4 7. a3 Bxc3+ 8. bxc3 Nxg5 9. Bd3 f5 10. Ne2 0-0 11. 0-0 Qc7 12. Nf4 Nc6 13. d5 Ne5 14. Be2 Ng6 15. Nd3 e5 16. f3 d6 17. Rab1 e4 18. fxe4 Nxe4 19. Bf3 Bd7 20. Nb2 Rae8 21. Rbe1 Qa5 22. Bxe4 Rxe4 23. a4 Rfe8 24. Rf3 f4 25. Qb3 Bg4 26. Rff1 fxe3 27. h3 Bc8 28. Qc2 Qd8 29. Re2 Nf4 30. Ree1 Qg5 31. Kh2 e2 32. Rf2 Qh4 33. g3 Qxh3+ 34. Kg1 Qxg3+ 35. Kh1 Qxf2 36. Rxe2 Qxe2 37. Qxe2 Rxe2 0-1

[Event "GRE-chT U16"]
[Site "Thessaloniki"]
[Date "2021.12.16"]
[Round "1.1"]
[White "Koutsoukis, Evangelos Panagioti"]
[Black "Tzagarakis, Panagiotis"]
[Result "0-1"]
[WhiteElo "1122"]
[BlackElo "2073"]
[PlyCount "86"]
[EventDate "2021.12.16"]
[EventType "team-swiss"]
[EventRounds "6"]
[EventCountry "GRE"]
[SourceTitle "CBM 205 Extra"]
[Source "ChessBase"]
[SourceDate "2022.01.31"]
[SourceVersion "1"]
[SourceVersionDate "2022.01.31"]
[SourceQuality "1"]
[WhiteTeam "Asteres"]
[BlackTeam "Chanion"]
[WhiteTeamCountry "GRE"]
[BlackTeamCountry "GRE"]

1. d4 d5 2. c4 e6 3. Nc3 Nf6 4. Bg5 dxc4 5. e3 c5 6. Nf3 Nc6 7. Qa4 cxd4 8. Nxd4 Bd7 9. Qxc4 Rc8 10. Qd3 Bb4 11. Be2 Ne5 12. Qd2 Qa5 13. Bxf6 Rxc3 14. 0-0 Rc7 15. Qd1 gxf6 16. Nb3 Qb6 17. h3 Ba4 18. Rc1 Rxc1 19. Qxc1 0-0 20. Nd4 Rd8 21. b3 Be8 22. Rd1 Bc5 23. Qa1 Bxd4 24. exd4 Nc6 25. d5 Ne5 26. dxe6 Rxd1+ 27. Qxd1 Qxe6 28. Qd8 Kg7 29. Qd4 Qb6 30. Qd1 Bb5 31. Bh5 Bd3 32. Qd2 Qd4 33. Qc1 Bg6 34. Be2 Nd3 35. Bxd3 Qxd3 36. Qc7 Qb1+ 37. Kh2 Qxa2 38. Qxb7 Qxf2 39. Qe7 Qf4+ 40. Kg1 Qd4+ 41. Kh2 Qe5+ 42. Qxe5 fxe5 43. Kg3 a5 0-1